000 00536nam a2200181Ia 4500
003 GCL
008 140319s9999 xx 000 0 ara d
040 _aGCL /
_cGCL
082 0 4 _a335.437
_bف ر
100 1 _aفؤاد مرسى
245 1 0 _aالراسمالية تجدد نفسها (عالم المعرفة 1470) /
_cفؤاد مرسى
300 _a496 ص
490 _aعالم المعرفة
_v0
650 0 4 _aالنظم الاقتصادية
650 0 4 _aراس المال
650 0 4 _aالراسمالية
942 _2ddc
_cBK
999 _c51536
_d51536